Fetichización y crítica de la razón /

Se muestra una síntesis de los aportes de Franz Hinkelammert respecto a los procesos de fetichización-inversión, además de la crítica que este realiza basada en los conceptos de utopía y de racionalidad reproductiva. En la primera parte, se indican las razones históricas y teóricas que llevan a estu...

Disgrifiad llawn

Wedi'i Gadw mewn:
Manylion Llyfryddiaeth
Prif Awdur: Asselborn, Carlos J.
Fformat: Llyfr
Iaith:Spanish
Pynciau:
Tagiau: Ychwanegu Tag
Dim Tagiau, Byddwch y cyntaf i dagio'r cofnod hwn!

MARC

LEADER 00000nam a22000007a 4500
003 cru CIDCACS/IIS
005 20240719062600.0
007 ta
008 170810t mx |||p|r|||| 00| 0 spa d
999 |c 19574  |d 19574 
040 |c cru CIDCACS/IIS 
100 1 |9 5155  |a Asselborn, Carlos J. 
245 1 |a Fetichización y crítica de la razón /  |c Carlos J. Asselborn 
300 |a Páginas 209-235 
520 |a Se muestra una síntesis de los aportes de Franz Hinkelammert respecto a los procesos de fetichización-inversión, además de la crítica que este realiza basada en los conceptos de utopía y de racionalidad reproductiva. En la primera parte, se indican las razones históricas y teóricas que llevan a estudiar su pensamiento. En un segundo momento, se analizan sus aportes en torno a la categoría de fetichismo, vinculándola con procesos sociopolíticos de la historia de América. Posteriormente, se examina y recupera una reflexión del autor, que este abandonó, pero que podría ser retomada dada la metamorfosis del capitalismo contemporáneo. Finalmente se señalan algunos desafíos para profundizar praxis colectivas críticas de los modos de producción del capitalismo.  
650 1 0 |9 64  |a CAPITALISMO 
650 0 |9 4605  |a TEORIA CRITICA 
650 1 0 |9 236  |a MARXISMO 
650 1 0 |a    |9 5377 
650 1 0 |9 66  |a EMANCIPACION 
651 1 0 |9 17  |a AMERICA LATINA 
773 0 |0 19263  |9 1100  |a Universidad Nacional Autónoma de México (UNAM)  |d México: UNAM N° 36 (2003- )  |o 18296  |t Latinoamérica:  |x 16658574 
942 |2 ddc  |c PP